000
00336nam a2200145Ia 4500
008
231217s9999 xx 000 0 und d
041
_a
English
082
_a
920KIR DAN
100
_a
Dangwal, Parmesh
245
0
_a
I dare Kiran Bedi: A biography
260
_c
1995
_b
UBSPD
300
_a
328
650
_a
Kiran Bedi
942
_c
AA
999
_c
166400
_d
166400